Statistics for San Antonio Spurs 2017-18 Roster

Click here to take the quiz!

General Stats

  • This quiz has been taken 108 times
  • The average score is 12 of 18

Answer Stats

NbrPostPlayer% Correct
2ForwardKawhi Leonard
97%
12ForwardLaMarcus Aldridge
94%
9GuardTony Parker
94%
20GuardManu Ginobili
92%
8GuardPatty Mills
90%
-Head CoachGregg Popovich
87%
16CenterPau Gasol
85%
14Guard-ForwardDanny Green
79%
5GuardDejounte Murray
72%
1ForwardKyle Anderson
70%
22ForwardRudy Gay
66%
42ForwardDavis Bertans
65%
11GuardBryn Forbes
58%
4GuardDerrick White
58%
77CenterJoffrey Lauvergne
45%
3GuardBrandon Paul
31%
10Forward-CenterMatt Costello
20%
24GuardDarrun Hilliard
18%

Score Distribution

Percentile by Number Answered

Percent of People with Each Score

Your Score History

You have not taken this quiz